Cambridge skills for fluency: Speaking 2 ( cassette )

Zapisane w:
Opis bibliograficzny
1. autor: Joanne Collie
Format: Książka
Język:Undetermined
Wydane: Cambridge, UK Cambridge Univ. Press 1993
Hasła przedmiotowe:
Etykiety: Dodaj etykietę
Nie ma etykietki, Dołącz pierwszą etykiete!
Thư viện lưu trữ: Trung tâm Học liệu Trường Đại học Cần Thơ
LEADER 00597nam a2200205Ia 4500
001 CTU_57722
008 210402s9999 xx 000 0 und d
020 |b 84000 
082 |a 428.34 
082 |b C699/T2 
100 |a Joanne Collie 
245 0 |a Cambridge skills for fluency: Speaking 2 ( cassette ) 
245 0 |c Joanne Collie and Stephen Slater 
260 |a Cambridge, UK 
260 |b Cambridge Univ. Press 
260 |c 1993 
650 |a english language 
650 |x study and teaching,foreign speakers 
904 |i Minh 
980 |a Trung tâm Học liệu Trường Đại học Cần Thơ